000 00253nam a2200109Ia 4500
008 190912s9999||||xx |||||||||||||| ||und||
100 _aAnwer Saeed
245 0 _aUrdu dab Ki Mukhtaser Tarikh
260 _aLahore
_bA.H.
_c1998
300 _a675
942 _cBK
999 _c7665
_d7665